00545 2200217 4500001002100000005001500021035002000036007000300056008004100059020001800100082001000118084001600128100002100144245005600165250001000221260003400231300002000265650001200285856001400297990001600311INLIS00000000000058820240330092947 a0010-1220000017ta240330 0 ind  a979-497-875-2 a635.2 a635.2 BAM b0 aBambang Soelarso1 aBudidaya Kentang Bebas Penyakit /cBambang Soelarso acet.6 aYogyakarta :bKanisius,c2004 a79 hlm ;c22 cm 4akentang aKelas 630 a00000000839